Espacio público y acciones colectivas. La mujer en la sociedad del salitre . Tarapac· 1900-1920 : madre, esposa y dueña de casa. La mujer en las campañas presidenciales de 1964 y 1970 /

Detalles Bibliográficos
Autor principal: Carrasco G., Maritza
Formato: Analitica de revista
Lenguaje:español

MARC

LEADER 00000cab a2200000 a 4500
001 030168
003 UAHC_CL
005 20170803123156.0
008 041104b xx j 000 1 spa
040 |a UAHC_CL  |c UAHC_CL  |d UAHC_CL 
100 1 |a Carrasco G., Maritza 
245 1 0 |a Espacio público y acciones colectivas. La mujer en la sociedad del salitre . Tarapac· 1900-1920 :  |b madre, esposa y dueña de casa. La mujer en las campañas presidenciales de 1964 y 1970 /  |c Maritza Carrasco G. 
500 |a CARRASCO G., Maritza. Espacio público y acciones colectivas. La mujer en la sociedad del salitre . Tarapacá 1900-1920, Dimensión Histórica de Chile. (13-14), 1997-1998, pp. 211-228 
500 |a CARRASCO G., Maritza. Espacio público y acciones colectivas. La mujer en la sociedad del salitre . Tarapacá 1900-1920, Dimensión Histórica de Chile. (13-14), 1997-1998, pp. 211-228 
500 |a CARRASCO G., Maritza. Espacio público y acciones colectivas. La mujer en la sociedad del salitre . Tarapac· 1900-1920, DimensiÛn HistÛrica de Chile. (13-14), 1997-1998, pp. 211-228 
759 |a PP054 
773 0 |t Dimensión histórica de Chile.  |w 030155 
900 |a DIMENS. HIST. CHILE-13, 14/97, 98 
942 |c REVA 
952 |0 0  |1 0  |4 0  |6 DIMENS___HIST__CHILE13_14_000000000000000_97_98  |7 0  |8 General  |9 59018  |a BC  |b BC  |c General  |d 2017-08-03  |l 0  |o DIMENS. HIST. CHILE-13, 14/97, 98  |p FICTICIO2174  |r 2019-01-08 00:00:00  |t 1  |w 2017-08-03  |y REVA 
999 |c 30168  |d 30168